[Event "Sofia Accedia op"]
[Site "Sofia"]
[Date "2023.03.25"]
[Round "2"]
[White "Andreev, Stanislav"]
[Black "Manolov, Daniel"]
[Result "1-0"]
[WhiteElo "2109"]
[BlackElo "1470"]
[PlyCount "57"]
[EventDate "2023.03.25"]
[EventType "swiss"]
[EventRounds "9"]
[EventCountry "BUL"]
[SourceTitle "CBM 213 Extra"]
[Source "ChessBase"]
[SourceDate "2023.05.31"]
[SourceVersion "1"]
[SourceVersionDate "2023.05.31"]
[SourceQuality "1"]

1. d4 d5 2. c4 e6 3. Nc3 Bb4 4. cxd5 exd5 5. Nf3 Bxc3+ 6. bxc3 Nf6 7. Bg5 h6 8. Bh4 0-0 9. e3 Bf5 10. Be2 Nbd7 11. 0-0 b6 12. c4 Be6 13. Qb3 c6 14. Ne5 Qc7 15. Bg3 Nxe5 16. Bxe5 Qd8 17. cxd5 Bxd5 18. Bc4 Ne4 19. Bxd5 cxd5 20. Qd3 Rc8 21. Rac1 Qd7 22. f3 Nd6 23. e4 dxe4 24. fxe4 b5 25. Qg3 g6 26. Bxd6 Rfe8 27. Be5 Re6 28. Qf4 Rf8 29. Qxh6 1-0

[Event "Sofia Accedia op"]
[Site "Sofia"]
[Date "2023.03.25"]
[Round "4"]
[White "Manolov, Daniel"]
[Black "Anchev, Nikolaj"]
[Result "0-1"]
[WhiteElo "1470"]
[BlackElo "2211"]
[PlyCount "54"]
[EventDate "2023.03.25"]
[EventType "swiss"]
[EventRounds "9"]
[EventCountry "BUL"]
[SourceTitle "CBM 213 Extra"]
[Source "ChessBase"]
[SourceDate "2023.05.31"]
[SourceVersion "1"]
[SourceVersionDate "2023.05.31"]
[SourceQuality "1"]

1. e4 c6 2. Nf3 d5 3. Nc3 d4 4. Ne2 c5 5. g3 Nc6 6. Bg2 Bg4 7. 0-0 Qd7 8. d3 h5 9. Nf4 e5 10. h3 Bxf3 11. Qxf3 exf4 12. Bxf4 h4 13. Rfe1 hxg3 14. fxg3 0-0-0 15. e5 Be7 16. a3 g5 17. e6 fxe6 18. Bd2 Nf6 19. Bxg5 Rdf8 20. Bxf6 Rxf6 21. Qe2 Bd6 22. Kh2 Rg8 23. Kh1 Bxg3 24. Rf1 Rfg6 25. Rf3 Bc7 26. Raf1 Qd6 27. Rf6 Qh2# 0-1